000 01592nam a22003857a 4500
001 266
003 FISKH
005 20230313144532.0
008 230313b cb ||||| |||| 00| 0 eng d
020 _a9780545658485
040 _aYDXCP
_beng
_cYDXCP
_dBTCTA
_dWIM
_dBDX
_dIUK
_dJBL
_dNYP
_dBKL
_dFMG
_dCO2
_dOCLCQ
_dOCLCF
_dDAD
_dQJA
_dILC
_dFSIMP
_dOKN
_dOCL
_dEHH
_dIFK
_dOCL
_dNDS
_dOCLCO
_dMQO
_dT8C
_dOCL
_dOCLCO
_dTXMBL
_dOCLCO
_dIGA
_dCHILD
_dOCLCQ
_dDLC
_dfiskh
050 0 0 _aPZ7.T211115
_bIamd 2015
082 0 4 _a813.6
_223
100 1 _aTarshis, Lauren,
_eauthor.
245 1 0 _aI survived the Joplin tornado, 2011 /
_cby Lauren Tarshis ; illustrated by Scott Dawson.
246 3 0 _aJoplin tornado, 2011
264 1 _aNew York
_bScholastic Press
_c2015
300 _a89 pages :
_billustrations ;
_c20 cm.
490 0 _aI survived ;
_vv. 12
504 _aIncludes bibliographical references.
505 _aM
520 _aWhen eleven-year-old Dex goes storm chasing with Dr. Norman Gage, they get caught in the path of a tornado and Dex must find bravery within himself to survive.
521 1 _a710
_bLexile
521 2 _aM
_bRaz-Plus
526 0 _aAccelerated Reader AR
_bMG
_c5.1
_d2.0
_z175912.
_5SCH4060
526 0 _aAccelerated Reader AR
_bMG
_c5.1
_d2.0
_z175912.
650 1 _aStorm chasers
_vFiction.
650 1 _aTornadoes
_zMissouri
_zJoplin
_vFiction.
650 1 _aSurvival
_vFiction.
651 1 _aMissouri
_vFiction.
700 1 _aDawson, Scott,
_eillustrator.
800 1 _aTarshis, Lauren.
_tI survived ;
_vbk. 12.
906 _a7
_bcbc
_corignew
_d2
_encip
_f20
_gy-gencatlg
942 _2ddc
_cBK
_n0
999 _c266
_d266